000 00982nam a2200229 a 4500
008 100329s2008 ||||||||||||||||| || u
020 _a007711745X
050 _aHD 30.4 Blu
100 _aCooper, Donald R
245 1 0 _aBusiness research methods. (2nd ed.)
_cBoris Blumberg; Donald R. Cooper; Pamela S. Schindler
250 _a2nd ed.
260 _aLondon
_bMcGraw-Hill
_c2008
300 _axix, 685p.: ill.
350 _a0.00
500 _aAccompanied with a CD-ROM (see CBU Reference Librarian)
650 0 _aBUSINESS
650 _aINDUSTRIAL MANAGEMENT--RESEARCH
700 _aSchindler, Pamela S
700 _aBlumberg, Boris
995 _aMAIN LIBRARY OPEN ACCESS
_D0.00
_e741550
_FCBU-MAIN LIBRARY (Kitwe)
_H1
_I0.00
_jHD 30.4 BLU
_M2
_UAVAILABLE
_WAug 24, 2010
_y741550
_ZMain Library Open Access Collection
995 _aMAIN LIBRARY OPEN ACCESS
_D0.00
_e741195
_FCBU-MAIN LIBRARY (Kitwe)
_H1
_I0.00
_jHD 30.4 BLU
_M1
_UOUT
_WMay 3, 2010
_y741196
_ZMain Library Open Access Collection
999 _c77947
_d77947